000
00279nam a2200121Ia 4500
008
190216s9999||||xx |||||||||||||| ||und||
100
_a
John Kenneth
245
0
_a
Economic Development
260
_b
Harward Unty Press
_c
1964
300
_a
109p
650
_a
Economics
942
_c
BK
999
_c
9170
_d
9170